00975nas a2200253Ia 4500001001100000003000900011008004100020040001300061040001300074041001300087100004500100210001200145222001200157245005400169250001100223260002200234501008600256300002000342362003500362500022200397650004300619700003000662700002900692R142/C8862IT-RoPAU151124c99999999xx |||||||||||| ||und|| aIT-RoPAU cIT-RoPAU aFRANCESE aBoyer FrancoisgCodice Aut. SPICS: 46094 aRESEAUX aReseaux aRESEAUX, N.068 (NOVEMBRE/DICEMBRE 1994)bInternet a1a ed. aPARISbCNETc1994 bPaulus - SPICS - Società San Paolo EM (non-commercial uses only)cCopyright2015 a17 p. [131-147] aN.068 (NOVEMBRE/DICEMBRE 1994) aDefinizione di Internet. Topologia della Rete. Internet e Collegamento Mondiale. Servizi Internet. Mondializzazione del Fenomeno. Ruolo Motore degli Stati Uniti. Evoluzione dei Servizi. Offerta dei Serivi in Francia. aCOMUNICAZIONEvPUBBLICAZIONE PERIODICA aSagot-Duvauroux Dominique gCodice Aut. SPICS: 46093